| 000 | 02365nam a2200457Ia 4500 | ||
|---|---|---|---|
| 001 | dia_5966 | ||
| 003 | CHAP | ||
| 005 | 20240426114643.0 | ||
| 007 | ta | ||
| 008 | 220117s2014 mx abdofr 001 0 spa d | ||
| 040 |
_cCHAP _amxchpua |
||
| 090 |
_aT.C.674 _bS99 EIUPA _c2014 |
||
| 245 | 1 | 0 |
_aCooperativa avícola Juan XXIII, Santiago de Varaguas, de la república de Panamá / _ccoordinadora Rosa Guadalupe Szymanski Duque ; colaboradores Gabriela Cervantes Peinado...[et al.] |
| 260 |
_aMéxico : _bEl autor, _c2014 |
||
| 300 |
_acerca 150 hojas : _bilustraciones, mapas, gráficas, diagramas, tablas, fotos, planos + _e1 CD-ROM |
||
| 336 |
_2rdacontent _atexto _btxt |
||
| 337 |
_2rdamedia _ano mediado _bn |
||
| 338 |
_2rdacarrier _avolumen _bnc |
||
| 500 | _a7° año Grupo 5 -- El CD contiene reporte, presentación powerpoint, planos | ||
| 502 |
_aViaje de Estudios _b(EIUPA) -- _cUACh. Departamento de Ingeniería Agroindustrial, _d2014 |
||
| 504 | _aBibliografía: hoja 90 | ||
| 505 | _aContiene 3 planos -- 1. Plano distribución de áreas (Esc. 1:150) -- 2. Plano de recorrido de proceso (Esc. 1:150) -- 3. Plano de distribución de maquinaria y equipo (Esc. 1:150) | ||
| 650 | 1 | 3 | _aAvicultura |
| 650 | 1 | 3 |
_aIndustria avícola _9160269 _zPanamá _zSantiago de Veraguas |
| 650 | 1 | 3 |
_aAviculture _9160268 |
| 650 | 1 | 3 |
_aPoultry industry _9160270 _zPanamá _zSantiago de Veraguas |
| 700 | 1 |
_aSzymanski Duque, Rosa Guadalupe _9151434 _ecoordinadora |
|
| 700 | 1 |
_aCervantes Peinado, Gabriela _9130908 _ecolaboradora |
|
| 856 | 4 | 2 |
_uhttp://10.13.5.2/ve/TC674EIUPA/TC674EIUPA2014-PLANO-DISTRIBUCIONDEAREAS.pdf _yDESCARGAR PLANO DISTRIBUCIÓN DE ÁREAS |
| 856 | 4 | 2 |
_uhttp://10.13.5.2/ve/TC674EIUPA/TC674EIUPA2014-PLANO-RECORRIDODELPROCESO.pdf _yDESCARGAR PLANO DE RECORRIDO DE PROCESO |
| 856 | 4 | 2 |
_uhttp://10.13.5.2/ve/TC674EIUPA/TC674EIUPA2014-PLANO-MAQUINAS.pdf _yDESCARGAR PLANO DE DISTRIBUCIÓN DE MAQUINARIA Y EQUIPO |
| 856 | 4 | 2 |
_uhttp://10.13.5.2/ve/TC674EIUPA/TC674EIUPA2014-PRESENTACION.EMPRESA.pdf _yDESCARGAR PRESENTACIÓN EMPRESA |
| 856 | 4 | 2 |
_uhttp://10.13.5.2/ve/TC674EIUPA/TC674EIUPA2014-REPORTE.pdf _yDESCARGAR REPORTE |
| 901 | _aT.C.674 S99 EIUPA 2014 | ||
| 902 | _aM | ||
| 905 | _a5232272014 mx edml8223123322spa16 | ||
| 942 | _2local | ||
| 942 | _cVE | ||
| 999 |
_c177119 _d177119 |
||